| 000 | 005250000a22001810004500 | ||
|---|---|---|---|
| 003 | LK-CoMWRAF | ||
| 005 | 20230924202845.0 | ||
| 008 | 230817t ||||| |||| 00| 0 eng d | ||
| 040 |
_aLK-CoMWRAF _dLK-CoMWRAF _eLK-CoMWRAF |
||
| 041 | _aeng | ||
| 082 |
_a297.122 _bANS |
||
| 100 | _aAnsari, Muhammad Fazl-Ur-Rahman | ||
| 245 | _aThe Qur'anic foundations and structure of Muslim society | ||
| 260 |
_aKarachi (Pakistan) : _bIndus educational foundation, |
||
| 300 | _a425p | ||
| 650 | _aQur'an-Muslim society | ||
| 942 | _cBK | ||
| 999 |
_c1454 _d1454 |
||